[Event "Regionalliga Sued-West 1718"]
[Site "Bayern"]
[Date "2018.04.15"]
[Round "9.8"]
[White "Guenther, Joerg"]
[Black "Joerg, Harald"]
[Result "1/2-1/2"]
[WhiteElo "1869"]
[BlackElo "2047"]
[PlyCount "55"]
[EventDate "2017.10.22"]
[EventType "team-tourn"]
[EventRounds "9"]
[EventCountry "GER"]
[SourceTitle "EXT 2022"]
[Source "ChessBase"]
[SourceDate "2021.10.06"]
[SourceVersion "1"]
[SourceVersionDate "2021.10.06"]
[SourceQuality "1"]
[WhiteTeam "Altstadt Roter Turm"]
[BlackTeam "Muenchen SC II"]
[WhiteTeamCountry "GER"]
[BlackTeamCountry "GER"]

1. e4 e5 2. Nf3 Nc6 3. Bc4 Nf6 4. d3 Bc5 5. c3 d6 6. 0-0 0-0 7. a4 a5 8. Nbd2 h6 9. Re1 Re8 10. Qb3 Qe7 11. Nf1 Bg4 12. Nh4 Nd8 13. Ng3 Qd7 14. Be3 Bxe3 15. Rxe3 c6 16. f3 Be6 17. Bxe6 Nxe6 18. Rd1 c5 19. Nhf5 Kh7 20. d4 cxd4 21. cxd4 exd4 22. Nxd4 Nc5 23. Qb5 Nxa4 24. Qxd7 Nxd7 25. b3 Nac5 26. Nb5 Rad8 27. Nf5 Ne5 28. Rxd6 1/2-1/2

[Event "Regionalliga SW 1516"]
[Site "Bayern"]
[Date "2015.11.15"]
[Round "3.4"]
[White "Lux, Werner"]
[Black "Joerg, Harald"]
[Result "1/2-1/2"]
[WhiteElo "1996"]
[BlackElo "2076"]
[PlyCount "83"]
[EventDate "2015.10.11"]
[EventType "team-tourn"]
[EventRounds "9"]
[EventCountry "GER"]
[SourceTitle "EXT 2018"]
[Source "ChessBase"]
[SourceDate "2017.10.13"]
[SourceVersion "1"]
[SourceVersionDate "2017.10.13"]
[SourceQuality "1"]
[WhiteTeam "Tuerkheim/Bad Woerishofen"]
[BlackTeam "Muenchen Siemens"]
[WhiteTeamCountry "GER"]
[BlackTeamCountry "GER"]

1. e4 e5 2. Nf3 Nc6 3. d4 exd4 4. Nxd4 Bc5 5. Nb3 Bb6 6. Bd3 Nf6 7. 0-0 d6 8. Nc3 0-0 9. Na4 Re8 10. Nxb6 axb6 11. f3 h6 12. c4 Be6 13. Be2 Qe7 14. Rf2 Nd7 15. Nd4 Nxd4 16. Qxd4 b5 17. b3 bxc4 18. Bxc4 Bxc4 19. Qxc4 Ne5 20. Qc3 Qd7 21. Bb2 f6 22. Rd2 Qc6 23. Qd4 Qb5 24. Rc2 Re7 25. Bc3 b6 26. Rac1 Ra7 27. Qd2 Nd3 28. Rd1 Ne5 29. Rb1 Ng6 30. a4 Qh5 31. Rbc1 Kh8 32. Bd4 d5 33. exd5 Qxd5 34. Qc3 c5 35. Bf2 Rad7 36. a5 Nf4 37. Kf1 bxa5 38. Bxc5 Re8 39. Qc4 Qd3+ 40. Qxd3 Nxd3 41. Ra1 Nxc5 42. Rxc5 1/2-1/2

[Event "Regionalliga SW 1314"]
[Site "Bayern"]
[Date "2014.02.23"]
[Round "7.4"]
[White "Ruecker, Benjamin"]
[Black "Joerg, Harald"]
[Result "1-0"]
[WhiteElo "2259"]
[BlackElo "2108"]
[PlyCount "83"]
[EventDate "2013.10.13"]
[EventType "team-tourn"]
[EventRounds "9"]
[EventCountry "GER"]
[SourceTitle "EXT 2015"]
[Source "ChessBase"]
[SourceDate "2014.11.20"]
[SourceVersion "1"]
[SourceVersionDate "2014.11.20"]
[SourceQuality "1"]
[WhiteTeam "Garching II"]
[BlackTeam "Muenchen Siemens"]
[WhiteTeamCountry "GER"]
[BlackTeamCountry "GER"]

1. d4 Nf6 2. c4 e5 3. dxe5 Ne4 4. a3 b6 5. Qc2 Bb7 6. Nf3 f6 7. Nc3 Nxc3 8. Qxc3 Be7 9. Bf4 Nc6 10. 0-0-0 fxe5 11. Nxe5 0-0 12. Nxc6 Bxc6 13. e3 Bf6 14. Qc2 g5 15. Bg3 d6 16. f3 Qe7 17. Re1 Rab8 18. Bd3 b5 19. cxb5 Be8 20. h4 g4 21. fxg4 a6 22. g5 Bh8 23. Bc4+ d5 24. Bxd5+ Bf7 25. Bc4 axb5 26. Bxf7+ Qxf7 27. Kb1 b4 28. a4 b3 29. Qxc7 Qg6+ 30. e4 Rfc8 31. Qd6 Qxd6 32. Bxd6 Ra8 33. Rh3 Rxa4 34. Rxb3 Rd4 35. Ba3 Be5 36. h5 Rd2 37. Rb5 Re8 38. Rf1 Rxg2 39. Rf5 Bd4 40. h6 Re2 41. Rb7 R2xe4 42. Rff7 1-0

[Event "Regionalliga SW 1011"]
[Site "Bayern"]
[Date "2010.10.24"]
[Round "2.5"]
[White "Epple, Ulrich"]
[Black "Joerg, Harald"]
[Result "0-1"]
[WhiteElo "1956"]
[BlackElo "2155"]
[PlyCount "50"]
[EventDate "2010.10.10"]
[EventType "team-tourn"]
[EventRounds "9"]
[EventCountry "GER"]
[SourceTitle "EXT 2012"]
[Source "ChessBase"]
[SourceDate "2011.11.24"]
[SourceVersion "1"]
[SourceVersionDate "2011.11.24"]
[SourceQuality "1"]
[WhiteTeam "Tuerkheim/Bad Woerishofen"]
[BlackTeam "Muenchen Siemens"]
[WhiteTeamCountry "GER"]
[BlackTeamCountry "GER"]

1. e4 e5 2. f4 exf4 3. Nf3 g5 4. h4 g4 5. Ne5 Nf6 6. Nxg4 Nxe4 7. Qe2 Qe7 8. Nc3 Ng3 9. Qxe7+ Bxe7 10. Rh2 c6 11. d4 d5 12. Ne5 Nf5 13. Bxf4 Nxd4 14. 0-0-0 Ne6 15. g3 Nd7 16. Re1 Nxf4 17. gxf4 Nxe5 18. Rxe5 Kd8 19. Ne2 Bf6 20. Re3 Bg4 21. h5 Kc7 22. Rg3 Bf5 23. c3 Rae8 24. h6 Rhg8 25. Kd2 Rxe2+ 0-1

[Event "Landesliga Sued 0607"]
[Site "Bayern"]
[Date "2007.03.18"]
[Round "7.2"]
[White "Joerg, Harald"]
[Black "Wachinger, Guenther"]
[Result "0-1"]
[WhiteElo "2244"]
[BlackElo "2240"]
[PlyCount "80"]
[EventDate "2006.10.15"]
[EventType "team-tourn"]
[EventRounds "9"]
[EventCountry "GER"]
[SourceTitle "EXT 2008"]
[Source "ChessBase"]
[SourceDate "2007.11.25"]
[SourceVersion "1"]
[SourceVersionDate "2007.11.25"]
[SourceQuality "1"]
[WhiteTeam "Muenchen Siemens"]
[BlackTeam "Pang/Rosenheim"]
[WhiteTeamCountry "GER"]
[BlackTeamCountry "GER"]

1. e4 c5 2. f4 d5 3. Nc3 d4 4. Nce2 Nc6 5. Nf3 e6 6. d3 Bd6 7. g3 Nge7 8. Bg2 f6 9. 0-0 0-0 10. Kh1 Bd7 11. c3 e5 12. f5 Be8 13. g4 Bf7 14. Rg1 c4 15. dxc4 dxc3 16. Nxc3 Bc5 17. Nd5 Bxg1 18. Qxg1 Nxd5 19. cxd5 Nb4 20. Bd2 a5 21. Bf1 Nxd5 22. Qg3 Nb4 23. Bc3 Nxa2 24. g5 Nxc3 25. bxc3 Bh5 26. Bc4+ Kh8 27. Rg1 Bxf3+ 28. Qxf3 fxg5 29. Qh5 h6 30. h4 gxh4 31. Rxg7 Rf6 32. Rg6 Rxg6 33. Qxg6 Qg5 34. Qe6 h3 35. Qxe5+ Qg7 36. Qxg7+ Kxg7 37. e5 Rc8 38. f6+ Kg6 39. Bd3+ Kf7 40. Bb1 Ke6 0-1

[Event "Landesliga Sued 0506"]
[Site "Bayern"]
[Date "2006.03.12"]
[Round "8.2"]
[White "Joerg, Harald"]
[Black "Petran, Peter"]
[Result "1/2-1/2"]
[WhiteElo "2215"]
[BlackElo "2393"]
[PlyCount "69"]
[EventDate "2005.10.23"]
[EventType "team-tourn"]
[EventRounds "9"]
[EventCountry "GER"]
[SourceTitle "EXT 2007"]
[Source "ChessBase"]
[SourceDate "2006.11.23"]
[SourceVersion "1"]
[SourceVersionDate "2006.11.23"]
[SourceQuality "1"]
[WhiteTeam "Muenchen Siemens"]
[BlackTeam "Bayerwald Regen"]
[WhiteTeamCountry "GER"]
[BlackTeamCountry "GER"]

1. e4 c6 2. d4 d5 3. exd5 cxd5 4. Bd3 Nc6 5. Nf3 Bg4 6. Nbd2 Nf6 7. c3 e6 8. 0-0 Be7 9. Re1 Bh5 10. Nf1 Qc7 11. Ng3 Bg6 12. Bg5 Bxd3 13. Qxd3 h6 14. Bd2 g5 15. Rac1 0-0-0 16. c4 dxc4 17. Qxc4 Bd6 18. b4 Kb8 19. b5 Ne7 20. Qa4 Qd7 21. Bb4 Bxb4 22. Qxb4 Ng6 23. b6 axb6 24. Qxb6 Nd5 25. Qa5 Rc8 26. Ne4 Rxc1 27. Rxc1 b6 28. Rb1 Rc8 29. Nc5 Qa7 30. Na6+ Ka8 31. Qa3 Kb7 32. Nc5+ Ka8 33. Na6 Kb7 34. Nc5+ Ka8 35. Na6 1/2-1/2